logo

Bir Sreshtho Munshi Abdur Rouf Library
Jhenaidah Cadet College

Concise English Handbook / (Record no. 4955)

MARC details
000 -LEADER
fixed length control field 00637nam a2200253 a 4500
001 - CONTROL NUMBER
JCCL Control Number 4955
003 - CONTROL NUMBER IDENTIFIER
JCCL marc code BD-JhCC
005 - DATE AND TIME OF LATEST TRANSACTION
control field 20171219090445.0
008 - FIXED-LENGTH DATA ELEMENTS--GENERAL INFORMATION
fixed length control field 171205s1969 usa |||| || | 000 0 eng d
035 ## - SYSTEM CONTROL NUMBER
system control number (BD-JhCC)4955
040 ## - CATALOGING SOURCE
Original cataloging agency BD-JhCC
Modifying agency BD-JhCC
041 ## - LANGUAGE CODE
Language code of Book eng
082 ## - DEWEY DECIMAL CLASSIFICATION NUMBER
Classification number 428.2
Author mark and Year GUT 1965
100 ## - MAIN ENTRY--PERSONAL NAME
Personal name Guth, Hans P.
245 ## - TITLE STATEMENT
Title Concise English Handbook /
Statement of responsibility, etc Hans P. Guth,
250 ## - EDITION STATEMENT
Edition statement 2nd ed.
260 ## - PUBLICATION, DISTRIBUTION, ETC. (IMPRINT)
Place of publication, distribution, etc California :
Name of publisher, distributor, etc Wadsworth Publishing Company,
Date of publication, distribution, etc 1962.
300 ## - PHYSICAL DESCRIPTION
Pagination 395 p. :
Dimensions 19 cm.
504 ## - BIBLIOGRAPHY, ETC. NOTE
Bibliography, etc Includes Index
650 ## - SUBJECT ADDED ENTRY--TOPICAL TERM
Topical term or geographic name as entry element English language
650 ## - SUBJECT ADDED ENTRY--TOPICAL TERM
Topical term or geographic name as entry element Grammar
650 ## - SUBJECT ADDED ENTRY--TOPICAL TERM
Topical term or geographic name as entry element Rhetoric
942 ## - ADDED ENTRY ELEMENTS (KOHA)
Source of classification or shelving scheme Dewey Decimal Classification
Koha item type Books
Holdings
Source of classification or shelving scheme Damaged status Not for loan Home library Current library Shelving location Date of accession Cost, normal purchase price Total Checkouts Full call number Barcode Date last seen Copy number Koha item type
Dewey Decimal Classification     JCC Rouf Library JCC Rouf Library General Stacks 12/05/2017 10.00   428.2 GUT 1962 6807 12/05/2017 C-1 Books
Dewey Decimal Classification     JCC Rouf Library JCC Rouf Library General Stacks 12/17/2017 10.00   428.2 GUT 1965 7678 12/17/2017 C-2 Books
Dewey Decimal Classification     JCC Rouf Library JCC Rouf Library General Stacks 12/17/2017 10.00   428.2 GUT 1965 7679 12/17/2017 C-3 Books
Dewey Decimal Classification     JCC Rouf Library JCC Rouf Library General Stacks 12/17/2017 10.00   428.2 GUT 1965 7677 12/17/2017 C-4 Books
Dewey Decimal Classification     JCC Rouf Library JCC Rouf Library General Stacks 12/17/2017 10.00   428.2 GUT 1965 7481 12/17/2017 C-5 Books
Dewey Decimal Classification     JCC Rouf Library JCC Rouf Library General Stacks 12/17/2017 10.00   428.2 GUT 1965 7676 12/17/2017 C-6 Books
Dewey Decimal Classification     JCC Rouf Library JCC Rouf Library General Stacks 12/17/2017 10.00   428.2 GUT 1965 7675 12/17/2017 C-7 Books
Dewey Decimal Classification     JCC Rouf Library JCC Rouf Library General Stacks 12/17/2017 10.00   428.2 GUT 1965 7674 12/17/2017 C-8 Books
Dewey Decimal Classification     JCC Rouf Library JCC Rouf Library General Stacks 12/17/2017 10.00   428.2 GUT 1965 7673 12/17/2017 C-9 Books
Dewey Decimal Classification     JCC Rouf Library JCC Rouf Library General Stacks 12/17/2017 10.00   428.2 GUT 1965 7672 12/17/2017 C-10 Books
Dewey Decimal Classification     JCC Rouf Library JCC Rouf Library General Stacks 03/24/2018     428.2 GUT 1965 11483 03/24/2018 C - 11 Books
Dewey Decimal Classification     JCC Rouf Library JCC Rouf Library General Stacks 03/24/2018 10.00   428.2 GUT 1965 11482 03/24/2018 C - 12 Books
Dewey Decimal Classification     JCC Rouf Library JCC Rouf Library General Stacks 03/24/2018 10.00   428.2 GUT 1965 11481 03/24/2018 C - 13 Books

JCC Library | Contacts | JCC Home

Last Update on 23 September 2017
Copyright @ 2017-2020 JCC Rouf Library
Rouf Library, Jhenidah Cadet College (JCC), Bangladesh